Gegenwärtige Entwicklungstendenzen bei der Ausgestaltung der Leitung, Planung und wirtschaftlichen Rechnungsführung in der Aussenwirtschaft der europäischen Mitgliedsländer des Rates für Gegenseitige Wirtschaftshilfe
Salvato in:
| Autore principale: | |
|---|---|
| Altri autori: | |
| Natura: | Libro |
| Lingua: | tedesco |
| Pubblicazione: |
Berlin
Zentralinstitut für Wirtschaftswissenschaften
1988
|
| Edizione: | 1. Aufl. |
| Tags: |
Nessun Tag, puoi essere il primo ad aggiungerne!!
|
MARC
| LEADER | 00000nam a2200000 4500 | ||
|---|---|---|---|
| 001 | c039606 | ||
| 005 | 20221219110959.7 | ||
| 041 | 0 | |a ger | |
| 044 | |a DE | ||
| 245 | 1 | 0 | |a Gegenwärtige Entwicklungstendenzen bei der Ausgestaltung der Leitung, Planung und wirtschaftlichen Rechnungsführung in der Aussenwirtschaft der europäischen Mitgliedsländer des Rates für Gegenseitige Wirtschaftshilfe |c Norbert Peche, Harald Wiesner |
| 250 | |a 1. Aufl. | ||
| 264 | 1 | |a Berlin |b Zentralinstitut für Wirtschaftswissenschaften |c 1988 | |
| 300 | |a 135 s. | ||
| 100 | 1 | |a Peche, Norbert | |
| 700 | 1 | |a Wiesner, Harald | |